00616nam a22002057a 45000010005000000030009000050050017000140080041000310200015000720400028000870820021001151000022001362450088001582500012002462600037002583000047002955000020003426500023003627000025003856624BD-DhUAP20201213105440.0201213s1993 nyua b 001 0 eng  a007054901x aDLCcDLCdBD-DhUAPbEng00223 a620.82 SAN 1 aSanders, Mark S. 10aHuman factors in engineering and design /cMark S. Sanders and Ernest J. McCormick. a7th ed. aNew York :bMcGraw-Hill,cc1993. axiii, 790 pages :billustrations ;c25 cm. aIncludes index. 0aHuman engineering. aMcCormick, Ernest J.